Gạo đồ - Dây chuyền công nghệ trong CNTP

Đã lưu trong:
Sonraí Bibleagrafaíochta
Formáid: Leabhar
Teanga:Undetermined
Foilsithe: Paris 1996
Ábhair:
Clibeanna: Cuir Clib Leis
Gan Chlibeanna, Bí ar an gcéad duine leis an taifead seo a chlibeáil!
Thư viện lưu trữ: Trung tâm Học liệu Trường Đại học Cần Thơ
LEADER 00414nam a2200145Ia 4500
001 CTU_23435
008 210402s9999 xx 000 0 und d
082 |a 641.3318 
082 |b M497 
245 0 |a Gạo đồ - Dây chuyền công nghệ trong CNTP 
260 |a Paris 
260 |c 1996 
650 |a rice - processing 
904 |i Sáng, 980421 
980 |a Trung tâm Học liệu Trường Đại học Cần Thơ